LEADER 00992nam a2200289 i 4500 001 991002432599707536 005 20241028102337.0 008 000704s1971 it er ||1 e ita d 035 $ab10363890-39ule_inst 035 $aEXGIL103787$9ExL 040 $aBibl. Interfacoltà T. Pellegrino$bita$dSocioculturale Scs 041 0 $aita 082 04$a101$223 100 1 $aColombo, Arrigo$0160563 245 13$aIl destino del filosofo /$cArrigo Colombo 260 $aManduria :$bLacaita,$c1971 300 $a356 p. ;$c22 cm 490 1 $aBiblioteca di studi moderni ;$v10 650 4$aFilosofi 650 4$aFilosofia$xMetodologia 830 0$aBiblioteca di studi moderni ;$v10 907 $a.b10363890$b21-02-17$c27-06-02 912 $a991002432599707536 945 $aLE002 Fil. XIV H 16$g1$i2002000544575$lle002$o-$pE0.00$q-$rl$s-$t0$u0$v0$w0$x0$y.i10425457$z27-06-02 996 $aDestino del filosofo$9203991 997 $aUNISALENTO 998 $ale002$b01-01-00$cm$da$e-$fita$git$h3$i1 LEADER 04192nam 22007335 450 001 9910437764303321 005 20251230064245.0 010 $a87-438-0239-7 010 $a87-438-0201-X 010 $a1-283-64031-7 010 $a1-4614-4427-6 024 7 $a10.1007/978-1-4614-4427-5 035 $a(CKB)3400000000086030 035 $a(EBL)994549 035 $a(OCoLC)812174235 035 $a(SSID)ssj0000767089 035 $a(PQKBManifestationID)11414652 035 $a(PQKBTitleCode)TC0000767089 035 $a(PQKBWorkID)10739603 035 $a(PQKB)10000162 035 $a(DE-He213)978-1-4614-4427-5 035 $a(MiAaPQ)EBC994549 035 $a(PPN)168300192 035 $a(EXLCZ)993400000000086030 100 $a20120928d2013 u| 0 101 0 $aeng 135 $aur|n|---||||| 181 $ctxt 182 $cc 183 $acr 200 10$aMechanics of Biological Systems and Materials, Volume 5 $eProceedings of the 2012 Annual Conference on Experimental and Applied Mechanics /$fedited by Barton C. Prorok, François Barthelat, Chad S. Korach, K. Jane Grande-Allen, Elizabeth Lipke, George Lykofatitits, Pablo Zavattieri 205 $a1st ed. 2013. 210 1$aNew York, NY :$cSpringer New York :$cImprint: Springer,$d2013. 215 $a1 online resource (217 p.) 225 1 $aConference Proceedings of the Society for Experimental Mechanics Series,$x2191-5652 300 $aInternational conference proceedings. 311 08$a1-4614-4426-8 320 $aIncludes bibliographical references. 327 $aFrom the Contents: Effect of Crystallite Orientation on Nanomechanical Properties of a Nanostructured poly(KAMPS)/aragonite Composite -- Characterization of the Mechanical Behavior of Sunflower Stem for Bio-composite Applications -- Long-range Mechanical Force Enables Self-assembly of Epithelial Tubules -- Effects of Membrane Composition and Cytoskeletal Proteins on Membrane Mechanics -- Interfacial Fracture Toughness of Nacre -- New Insight into the Toughening Mechanisms of Nacre -- Thermal Analyses of Dental Ceramic Restorations -- Visualization of Micro-cracks in Compact Bovine Bone -- KEYNOTE: Humanlike Robots - Synthetically Mimicking Humans -- Porous Hydroxyapatite-polyhydroxybutyrate Composites Fabricated by a Novel Method via Centrifugation -- Isolation of Collagen From Cortical Bovine Bone for Preparation of Porous Collagen Sponges. 330 $aMechanics of Biological Systems and Materials, Volume 5: Proceedings of the 2012 Annual Conference on Experimental and Applied Mechanics, the fifth volume of seven from the Conference, brings together 31 contributions to this important area of research and engineering.  The collection presents early findings and case studies on fundamental and applied aspects of Experimental and Applied Mechanics, including papers on:  Biological Materials & Mechanics Cell Mechanics Mechanics of Biomimetic Materials Mechanics of Brain Tissues and Structures Mechanics of Bone and Related Materials Multi-Scale Mechanics of Natural Fibers Indentation Methods in Soft Materials Imaging Methods in Biological Systems and Materials Mechanics of Tissue Damage Mechanics of Soft Materials and Tissues. 410 0$aConference Proceedings of the Society for Experimental Mechanics Series,$x2191-5652 606 $aMechanics, Applied 606 $aBiomaterials 606 $aBiomedical engineering 606 $aEngineering Mechanics 606 $aBiomaterials 606 $aBiomedical Engineering and Bioengineering 615 0$aMechanics, Applied. 615 0$aBiomaterials. 615 0$aBiomedical engineering. 615 14$aEngineering Mechanics. 615 24$aBiomaterials. 615 24$aBiomedical Engineering and Bioengineering. 676 $a571.4/3 701 $aProrok$b Barton C$01761195 712 02$aSociety for Experimental Mechanics (U.S.) 712 12$aAnnual Conference on Experimental and Applied Mechanics 801 0$bMiAaPQ 801 1$bMiAaPQ 801 2$bMiAaPQ 906 $aBOOK 912 $a9910437764303321 996 $aMechanics of Biological Systems and Materials, Volume 5$94520739 997 $aUNINA